[Event "Tourn. n9814"]
[Site "www.echecsemail.com"]
[Date "2018.08.01"]
[Round "1"]
[White "Jazzy"]
[Black "Fegatux"]
[WhiteElo "2290"]
[BlackElo "2300"]
[Result "1-0"]
[Round "1"]
1.Ng1f3 d5
2.b3 Bc8g4
3.Bc1b2 Nb8c6
4.h3 Bg4xf3
5.exf3 e6
6.d4 Ng8f6
7.Bf1e2 Bf8d6
8.O-O O-O
9.Nb1d2 Rf8e8
10.a3 a6
11.Rf1e1 Nc6e7
12.Nd2f1 b5
13.Nf1e3 Ne7g6
14.g3 c5
15.c4 bxc4
16.bxc4 Qd8b8
17.Ra1b1 Qb8c7
18.dxc5 Bd6xc5
19.Kg2 d4
20.Ne3g4 Nf6xg4
21.hxg4 e5
22.Be2d3 Qc7d6
23.Bb2c1 Bc5xa3
24.Bc1xa3 Qd6xa3
25.Rb1b7 Ra8b8
26.Rb7xb8 Re8xb8
27.Bd3xg6 hxg6
28.Re1xe5 Rb8d8
29.Re5e3 d3
30.c5 Qa3c3
31.c6 Qc3xc6
32.Re3xd3 Rd8xd3
33.Qd1xd3 Qc6b6
34.Qd3d7 a5
35.Qd7e8 Kh7
36.Qe8xf7 a4
37.Qf7e7 Qb6f6
38.Qe7b4 Qf6a6
39.Qb4e7 Qa6d3
40.f4 a3
41.Qe7e6 Qd3d8
42.Qe6a2 Qd8a8
43.Kg1 Qa8f3
44.g5 Qf3d1
45.Kg2 Qd1a4
46.g4 Qa4b4
47.Qa2e6 Qb4xf4
48.Qe6b3 Qf4c1
49.Qb3h3 Kg8
50.Qh3b3 Kf8
51.Qb3b8 Ke7
52.Qb8b7 Kd6
53.Qb7xg7  { time }
1-0

[Event "Match"]
[Site "www.echecsemail.com"]
[Date "2018.08.01"]
[Round "1"]
[White "Storzman"]
[Black "Alekpax"]
[WhiteElo "1829"]
[BlackElo "1539"]
[Result "0-1"]
[Round "1"]
1.d4 d5
2.Ng1f3 Ng8f6
3.Nb1d2 e6
4.e3 c5
5.b3 Nb8d7
6.Bf1d3 b6
7.O-O Bf8d6
8.Bc1b2 O-O
9.Rf1e1 Qd8c7
10.e4 cxd4
11.Bb2xd4 e5
12.Bd4b2 Bc8b7
13.exd5 Bb7xd5
14.Nd2e4 Bd5xe4
15.Bd3xe4 Nf6xe4
16.Re1xe4 Nd7c5
17.Re4g4 Ra8d8
18.Qd1e2 f6
19.g3 a5
20.a4 Qc7d7
21.h3 Nc5e6
22.Ra1d1 Qd7c6
23.Rg4c4 Bd6c5
24.Rd1xd8 Rf8xd8
25.Rc4e4 Ne6c7
26.Kg2 Nc7e6
27.Qe2c4 Kf8
28.Re4h4 Rd8d2
{ resign }
0-1

[Event "Match"]
[Site "www.echecsemail.com"]
[Date "2018.08.01"]
[Round "1"]
[White "Juheset"]
[Black "Bjonil60"]
[WhiteElo "1809"]
[BlackElo "1510"]
[Result "1-0"]
[Round "1"]
1.Ng1f3 Nb8c6
2.e4 e6
3.d4 a6
4.Bf1d3 f6
5.Bc1e3 d6
6.Nb1d2 Qd8e7
7.c3 b6
8.Qd1c2 Bc8b7
9.O-O O-O-O
10.b4 g6
11.a3 d5
12.exd5 Nc6a7
13.dxe6 Qe7xe6
14.Rf1e1 f5
15.Bd3c4 Qe6f6
16.Be3g5 Qf6d6
17.Bg5xd8 Qd6xd8
18.Re1e3 Bf8h6
19.Re3e1 Bb7xf3
20.Nd2xf3 b5
21.Bc4e6 Kb8
22.Nf3e5 Ng8f6
23.Ne5f7 Qd8f8
24.Nf7xh8 Qf8xh8
25.Be6b3 c6
26.Re1e2 Kb7
27.Re2e7 Kb6
28.Re7e6 Nf6e4
29.f3 Ne4g5
30.Re6e7 Na7c8
31.Re7e1 Nc8d6
32.h4 Ng5f7
33.Bb3xf7 Nd6xf7
34.Re1e6 Qh8g8
35.Qc2f2 Kc7
36.Ra1e1 Kb6
37.d5 Kc7
38.Re6xc6 Kb7
39.Qf2b6 Ka8
40.Qb6xa6 Kb8
41.Rc6b6 Kc7
42.Qa6a7 Kc8
43.Rb6b8 
1-0

[Event "Tourn. n9863"]
[Site "www.echecsemail.com"]
[Date "2018.08.01"]
[Round "1"]
[White "Passaroa25"]
[Black "Picifarkinca"]
[WhiteElo "1640"]
[BlackElo "1570"]
[Result "1-0"]
[Round "1"]
1.Nb1c3 Ng8f6
2.d4 d6
3.e4 Nb8d7
4.d5 g6
5.f3 Bf8g7
6.Ng1e2 e5
7.Ne2g3 Nd7b6
8.Bf1b5 Bc8d7
9.O-O Bd7xb5
10.Nc3xb5 a6
11.Nb5c3 Qd8d7
12.Bc1e3 Nb6c4
13.Be3f2 { resign }
1-0

[Event "Tourn. n9851"]
[Site "www.echecsemail.com"]
[Date "2018.08.01"]
[Round "1"]
[White "Picifarkinca"]
[Black "Cybervincy"]
[WhiteElo "1570"]
[BlackElo "1499"]
[Result "0-1"]
[Round "1"]
1.d4 d5
2.c4 e6
3.Nb1c3 Ng8f6
4.Bc1g5 Bf8e7
5.e3 Nb8d7
6.Ng1f3 h6
7.Bg5h4 O-O
8.Ra1c1 c5
9.Bf1e2 dxc4
10.Be2xc4 a6
11.dxc5 Nd7xc5
12.O-O b5
13.Bc4e2 Nc5e4
14.Nc3xe4 Nf6xe4
15.Qd1xd8 Be7xd8
16.Bh4xd8 Rf8xd8
17.Rf1d1 Bc8b7
18.Rc1c7 Bb7d5
19.Nf3e5 Ne4d6
20.Ne5c6 Bd5xc6
21.Rc7xc6 Nd6e4
22.Rd1c1 g6
23.Be2f3 Ne4g5
24.Bf3e2 Rd8d2
25.Rc1c2 Ra8d8
26.Kf1 Kg7
27.Ke1 Rd2xc2
28.Rc6xc2 Rd8d6
29.Rc2d2 Rd6c6
30.Be2d1 Ng5e4
31.Rd2c2 Rc6d6
32.f3 Ne4f6
33.e4 Nf6d7
34.Rc2d2 Rd6xd2
35.Kxd2 Nd7e5
{ resign }
0-1

[Event "1/128 Finale"]
[Site "www.chess-mail.com"]
[Date "2018.08.01"]
[Round "1"]
[White "Picifarkinca"]
[Black "J1j6"]
[WhiteElo "1570"]
[BlackElo "1809"]
[Result "0-1"]
[Round "1"]
1.d4 c6
2.Ng1f3 Ng8f6
3.e3 d6
4.b3 Bc8d7
5.c4 g6
6.Bc1b2 Bf8g7
7.Nb1c3 O-O
8.Bf1e2 e6
9.O-O b6
10.e4 Qd8e7
11.Ra1c1 e5
12.d5 cxd5
13.cxd5 Bg7h6
14.Rc1c2 Nf6h5
15.Rf1e1 Bd7g4
16.h3 Bg4xf3
17.Be2xf3 Nh5f4
18.Bb2a3 Qe7g5
19.Kh2 f5
20.Ba3xd6 Rf8e8
21.Nc3b5 Nb8a6
22.exf5 gxf5
23.Bd6xe5 Na6c5
24.d6 Nc5e4
25.Bf3xe4 fxe4
26.Be5xf4 Qg5xf4
27.Kg1 Re8f8
28.Qd1d5 Kh8
29.Re1xe4 Qf4f6
30.d7 Bh6f4
31.Qd5d4 Qf6xd4
32.Nb5xd4 Bf4g5
{ resign }
0-1

[Event "1/64 Finale"]
[Site "www.chess-mail.com"]
[Date "2018.08.01"]
[Round "1"]
[White "Mitja"]
[Black "Picifarkinca"]
[WhiteElo "2050"]
[BlackElo "1580"]
[Result "1-0"]
[Round "1"]
1.d4 e6
2.e3 c5
3.dxc5 Bf8xc5
4.c3 a5
5.Ng1f3 Nb8c6
6.b3 Ng8f6
7.Bc1b2 d5
8.Bf1e2 O-O
9.Be2d3 e5
10.Bd3c2 h6
11.O-O Bc8g4
12.h3 Bg4e6
13.a4 Qd8d7
14.Nb1a3 Ra8d8
15.Na3b5 d4
16.cxd4 exd4
17.exd4 { resign }
1-0

[Event "1/128 Finale"]
[Site "www.chess-mail.com"]
[Date "2018.08.01"]
[Round "1"]
[White "Madz123456"]
[Black "Ranjachess"]
[WhiteElo "1660"]
[BlackElo "1850"]
[Result "1-0"]
[Round "1"]
1.e4 e5
2.Ng1f3 Nb8c6
3.d4 exd4
4.Nf3xd4 Nc6xd4
5.Qd1xd4 b6
6.Nb1c3 Bf8c5
7.Qd4xg7 Qd8f6
8.Qg7g3 Bc8b7
9.Nc3b5 Bc5d6
10.Nb5xd6 Qf6xd6
11.Qg3xd6 cxd6
12.Bc1f4 Bb7xe4
13.O-O-O Ra8c8
14.Rd1e1 d5
15.f3 Ng8f6
16.fxe4 dxe4
17.Bf4g5 Rc8c6
18.Bf1b5 Rc6d6
19.Rh1f1 Rd6d5
20.Bg5xf6 Rd5xb5
21.Re1xe4 Kf8
22.Rf1e1 Rb5g5
23.Re4e8 
1-0

[Event "Fast Game"]
[Site "www.echecsemail.com"]
[Date "2018.08.01"]
[Round "1"]
[White "Alessiov"]
[Black "J1j6"]
[WhiteElo "1599"]
[BlackElo "1379"]
[Result "1-0"]
[Round "1"]
1.e4 c5
2.Ng1f3 e6
3.d4 Nb8c6
4.d5 exd5
5.exd5 Nc6e7
6.d6 Ng8f6
7.Nb1c3 Ne7f5
8.Qd1e2 Nf5e7
9.Nc3b5 Nf6d5
10.c4 a6
11.dxe7 Qd8xe7
12.Nb5d6 Kd8
13.Nf3e5 Nd5f6
14.Ne5xf7 Kc7
15.Bc1f4 Kb6
16.Nf7xh8 { resign }
1-0

[Event "Tourn. n9866"]
[Site "www.echecsemail.com"]
[Date "2018.08.02"]
[Round "1"]
[White "Aniruddhadg"]
[Black "Coolant"]
[WhiteElo "2540"]
[BlackElo "2390"]
[Result "1-0"]
[Round "1"]
1.e4 d5
2.exd5 Qd8xd5
3.Nb1c3 Qd5a5
4.d4 Ng8f6
5.Bf1c4 Bc8f5
6.Ng1f3 c6
7.Bc1d2 Qa5b6
8.Qd1e2 Nb8d7
9.O-O-O e6
10.Nf3h4 Bf5g6
11.Nh4xg6 hxg6
12.h4 Bf8d6
13.Bc4xe6 fxe6
14.Qe2xe6 Bd6e7
15.Rh1e1 Qb6d8
16.Bd2g5 Kf8
17.d5 cxd5
18.Nc3xd5 Nf6xd5
19.Rd1xd5 Be7xg5
20.hxg5 Qd8b6
21.Qe6e7 Kg8
22.Rd5xd7 { resign }
1-0

[Event "Tourn. n9810"]
[Site "www.echecsemail.com"]
[Date "2018.08.02"]
[Round "1"]
[White "Welberth"]
[Black "Odin"]
[WhiteElo "2000"]
[BlackElo "1810"]
[Result "1-0"]
[Round "1"]
1.d4 Ng8f6
2.c4 e5
3.dxe5 Nf6e4
4.Nb1d2 Bf8b4
5.a3 Bb4xd2
6.Bc1xd2 Nb8c6
7.Ng1f3 h6
8.e3 d5
9.exd6 Ne4xd6
10.Bf1d3 O-O
11.O-O Rf8e8
12.Bd2c3 Bc8g4
13.Qd1c2 f5
14.Nf3d4 Nc6xd4
15.exd4 a5
16.f3 Bg4h5
17.c5 Nd6f7
18.Bd3xf5 b6
19.Ra1d1 Nf7g5
20.Bf5g6 Ng5h3
21.Kh1 Bh5xg6
22.Qc2xg6 Nh3f4
23.Qg6c2 Re8e2
24.Rd1d2 Re2e3
25.g3 Nf4d5
26.Rd2e2 Qd8e8
27.Rf1e1 Qe8e6
28.Re2xe3 Nd5xe3
29.Qc2e4 Qe6xe4
30.fxe4 Ne3c2
31.Re1e2 Nc2a1
32.cxb6 cxb6
33.e5 Na1b3
34.e6 Ra8e8
35.d5 Nb3c5
36.Bc3d4 g6
37.Bd4xc5 bxc5
38.Re2c2 Kf8
39.Rc2xc5 Ke7
40.Rc5xa5 Kd6
41.b4 Re8c8
42.Ra5c5 Rc8a8
43.Rc5a5 Ra8c8
44.a4 h5
45.Ra5c5 Rc8b8
46.Rc5b5 Rb8a8
47.a5 g5
48.Kg2 g4
49.h3 Ra8c8
50.hxg4 hxg4
51.Kf2 Rc8f8
52.Kg2 Rf8c8
53.Kf1 Rc8c1
54.Ke2 Rc1c2
55.Ke3 { resign }
1-0

[Event "Match"]
[Site "www.echecsemail.com"]
[Date "2018.08.02"]
[Round "1"]
[White "Deneb"]
[Black "Sonny1000"]
[WhiteElo "1600"]
[BlackElo "1600"]
[Result "1-0"]
[Round "1"]
1.e4 e5
2.Ng1f3 Nb8c6
3.Bf1b5 Nc6b4
4.O-O f6
5.d4 c6
6.Bb5a4 b5
7.Ba4b3 d5
8.a3 { resign }
1-0

[Event "Match"]
[Site "www.echecsemail.com"]
[Date "2018.08.02"]
[Round "1"]
[White "Fangshuo"]
[Black "Apdash"]
[WhiteElo "2060"]
[BlackElo "1930"]
[Result "1-0"]
[Round "1"]
1.e4 e5
2.Ng1f3 Nb8c6
3.d4 exd4
4.Nf3xd4 Bf8c5
5.Nd4xc6 bxc6
6.Bf1c4 Qd8e7
7.O-O a5
8.Kh1 Bc8a6
9.Bc4xa6 Ra8xa6
10.e5 Qe7e6
11.f4 Ng8h6
12.Nb1c3 O-O
13.Nc3e4 Bc5b6
14.Ne4g5 Qe6f5
15.h3 d5
16.Qd1e2 Ra6a8
17.g4 Qf5d7
18.Qe2d3 g6
19.f5 c5
20.e6 Qd7c6
21.Ng5f3 c4
22.Qd3d2 Nh6xf5
23.gxf5 fxe6
24.fxg6 d4
25.Qd2g2 h5
26.Bc1h6 Rf8f5
27.Nf3h4 Qc6xg2
28.Kxg2 Rf5xf1
29.Ra1xf1 d3
30.cxd3 cxd3
31.g7 Bb6c5
32.Nh4f3 Kh7
33.Nf3d4 Bc5xd4
34.Rf1f8 Bd4xg7
35.Rf8xa8 Bg7xh6
36.Ra8d8 d2
37.Kf2 Bh6f4
38.Ke2 Kg6
39.Rd8a8 Kg5
40.Ra8xa5 Kh4
41.Ra5a3 e5
42.Ra3f3 Kg5
43.a4 e4
44.Rf3xf4 Kxf4
45.a5 { resign }
1-0

[Event "Match"]
[Site "www.echecsemail.com"]
[Date "2018.08.02"]
[Round "1"]
[White "Lug47"]
[Black "Sonny1000"]
[WhiteElo "1550"]
[BlackElo "1530"]
[Result "0-1"]
[Round "1"]
1.d4 d5
2.Ng1f3 f6
3.e4 e5
4.Bf1d3 exd4
5.Nf3xd4 dxe4
6.O-O Qd8xd4
7.Bc1e3 Qd4d5
8.h3 Bf8d6
9.Bd3e2 Qd5xd1
10.Rf1xd1 Ng8h6
11.Be2b5 Bc8d7
12.Nb1c3 Bd7xb5
13.Nc3xb5 Bd6e5
14.f3 Be5xb2
15.Be3c5 Bb2xa1
16.Kh1 Nb8a6
17.fxe4 Na6xc5
18.Rd1xa1 Kd8
19.Ra1d1 Nc5d7
20.Nb5d4 Rh8e8
21.c4 Re8xe4
22.a4 Nd7e5
23.Nd4c6 Ke8
24.Nc6b4 Re4xc4
25.Nb4d5 Rc4xa4
26.Nd5xc7 Ke7
27.Nc7d5 Kf7
28.Nd5f4 Ra4xf4
29.Rd1e1 a5
30.Re1c1 Ne5d3
31.Rc1c7 Ke6
32.Rc7xg7 a4
33.Rg7xh7 a3
34.Rh7xb7 Rf4f1
35.Kh2 a2
36.Rb7b6 Ke5
37.Rb6b5 Ke4
38.Rb5h5 a1Q
39.Rh5xh6 Rf1h1
{ resign }
0-1

[Event "Match"]
[Site "www.echecsemail.com"]
[Date "2018.08.02"]
[Round "1"]
[White "Fegatux"]
[Black "Comrade"]
[WhiteElo "2320"]
[BlackElo "2310"]
[Result "0-1"]
[Round "1"]
1.e4 e6
2.d4 d5
3.Nb1d2 c5
4.Ng1f3 Nb8c6
5.exd5 exd5
6.Bf1b5 Ng8f6
7.O-O cxd4
8.Nd2b3 a6
9.Bb5xc6 bxc6
10.Rf1e1 Bf8e7
11.Nf3xd4 Bc8b7
12.Bc1g5 O-O
13.Qd1e2 Rf8e8
14.Qe2f3 h6
15.Bg5h4 c5
16.Nd4f5 Ra8c8
17.Nf5xe7 Re8xe7
18.Bh4xf6 gxf6
19.Qf3f4 Kh7
20.Qf4f5 Kg7
21.Qf5g4 Kh7
22.Kf1 Re7e5
23.f4 Re5xe1
24.Ra1xe1 Qd8d6
25.Nb3a5 Qd6c7
26.Na5xb7 Qc7xb7
27.Qg4f5 Kg7
28.Re1e3 Rc8g8
29.Re3g3 Kf8
30.Qf5xf6 Rg8xg3
31.hxg3 Qb7b5
32.Kg1 Qb5e2
33.Qf6xh6 Ke7
34.Qh6g5 Kf8
35.Qg5f5 d4
36.Qf5xc5 Kg8
37.Kh2 Qe2e4
38.b4 Qe4h7
 { time }
0-1

[Event "Match"]
[Site "www.echecsemail.com"]
[Date "2018.08.02"]
[Round "1"]
[White "Ff333"]
[Black "0m1d9421"]
[WhiteElo "2170"]
[BlackElo "1809"]
[Result "1-0"]
[Round "1"]
1.e4 e5
2.Bf1c4 Ng8f6
3.Nb1c3 Nb8c6
4.Ng1f3 h6
5.O-O Nf6xe4
6.Bc4xf7 Kxf7
7.Nc3xe4 Bf8e7
8.d4 Rh8f8
9.Nf3xe5 Ke8
10.Qd1h5 g6
11.Qh5xg6 Rf8f7
12.Qg6xf7 { resign }
1-0

[Event "Match"]
[Site "www.echecsemail.com"]
[Date "2018.08.02"]
[Round "1"]
[White "Witpar"]
[Black "Fegatux"]
[WhiteElo "2690"]
[BlackElo "2340"]
[Result "1-0"]
[Round "1"]
1.d4 d5
2.c4 c6
3.Ng1f3 Ng8f6
4.e3 e6
5.Nb1d2 Bf8d6
6.Bf1d3 O-O
7.O-O b6
8.e4 dxe4
9.Nd2xe4 Bd6e7
10.Qd1e2 Bc8b7
11.Ne4xf6 Be7xf6
12.Bc1f4 Qd8e7
13.Rf1e1 Nb8a6
14.c5 Na6b4
15.Bf4d6 Qe7d7
16.Bd6xf8 Ra8xf8
17.Bd3c4 b5
18.a3 Nb4d5
19.Bc4xd5 exd5
20.a4 a6
21.Nf3e5 Qd7f5
22.axb5 axb5
23.Ra1a7 Qf5c8
24.Qe2g4 Qc8b8
25.Ne5d7 Qb8xa7
26.Nd7xf6  { time }
1-0

[Event "Tourn. n9879"]
[Site "www.echecsemail.com"]
[Date "2018.08.02"]
[Round "1"]
[White "Ffdd65"]
[Black "J1j6"]
[WhiteElo "2180"]
[BlackElo "1930"]
[Result "0-1"]
[Round "1"]
1.e4 c5
2.c3 g6
3.d4 cxd4
4.cxd4 e6
5.Ng1f3 d5
6.e5 Nb8c6
7.a3 f6
8.Bf1b5 f5
9.Qd1c2 Bc8d7
10.Nb1c3 a6
11.Bb5d3 Qd8b6
12.Bc1e3 Bf8h6
13.Qc2d2 Bh6xe3
14.fxe3 Ng8h6
15.h3 Nh6f7
16.Nc3a4 Qb6c7
17.Na4c5 Bd7c8
18.Ra1c1 b6
19.Nc5b3 Bc8b7
20.Qd2e2 Ra8c8
21.Bd3xa6 Bb7xa6
22.Qe2xa6 O-O
23.O-O Rc8a8
24.Qa6b5 Ra8c8
25.Rc1c3 Nf7d8
26.Rf1c1 Qc7b7
27.Nf3e1 Rf8f7
28.Ne1d3 Kg7
29.Nb3a1 Rf7c7
30.Na1c2 Nc6a7
31.Qb5b3 Rc7xc3
32.bxc3 Nd8c6
33.Nc2b4 Nc6a5
34.Qb3a2 Na7b5
35.Qa2a1 Na5b3
{ resign }
0-1

[Event "Tourn. n9886"]
[Site "www.echecsemail.com"]
[Date "2018.08.02"]
[Round "1"]
[White "Osopanda"]
[Black "Julian"]
[WhiteElo "1840"]
[BlackElo "1820"]
[Result "1-0"]
[Round "1"]
1.e4 e5
2.Ng1f3 Nb8c6
3.Bf1b5 d6
4.d4 exd4
5.Nf3xd4 Bc8d7
6.c4 Ng8f6
7.Nb1c3 Nc6xd4
8.Qd1xd4 Bf8e7
9.O-O O-O
10.Bb5xd7 Qd8xd7
11.Bc1g5 c6
12.Ra1d1 Rf8e8
13.Rf1e1 Ra8d8
14.c5 h6
15.Bg5h4  { time }
1-0

[Event "Tourn. n9862"]
[Site "www.echecsemail.com"]
[Date "2018.08.02"]
[Round "1"]
[White "Coolant"]
[Black "Piekki"]
[WhiteElo "2390"]
[BlackElo "2280"]
[Result "1-0"]
[Round "1"]
1.c4 g6
2.Nb1c3 Bf8g7
3.d4 Ng8f6
4.e4 d6
5.f3 O-O
6.Bf1d3 e5
7.Ng1e2 Nb8c6
8.d5 Nc6e7
9.Bc1e3 c6
10.Qd1d2 Nf6e8
11.O-O-O f5
12.c5 cxd5
13.exd5 a6
14.Bd3c4 f4
15.Be3f2 Bc8f5
16.Nc3e4 Bf5xe4
17.fxe4 Ra8c8
18.Qd2b4 Bg7h6
19.Kb1 f3
20.gxf3 Rf8xf3
21.Bf2h4 Bh6e3
22.Qb4xb7 Rc8c7
23.Qb7xa6 Be3xc5
24.Rd1f1 Rf3e3
25.Ne2g3 Qd8b8
26.Bc4b3 Re3xb3
27.axb3 Qb8xb3
28.Bh4xe7 Rc7xe7
29.Qa6e2 Re7a7
30.Rf1f3 Qb3a2
31.Kc2 Bc5d4
32.Qe2b5 Ra7c7
33.Kd2 { resign }
1-0

[Event "Tourn. n9903"]
[Site "www.echecsemail.com"]
[Date "2018.08.02"]
[Round "1"]
[White "Bojan"]
[Black "Mitja"]
[WhiteElo "2010"]
[BlackElo "2040"]
[Result "1-0"]
[Round "1"]
1.d4 d5
2.Nb1c3 e6
3.a3 c6
4.Ng1f3 h6
5.Qd1d3 Ng8f6
6.Bc1f4 Bf8e7
7.h3 Nf6h5
8.Bf4h2 Nh5f6
9.e4 dxe4
10.Nc3xe4 Nf6xe4
11.Qd3xe4 Nb8d7
12.c3 Nd7f6
13.Qe4e3 Nf6d5
14.Qe3d2 b6
15.c4 Nd5f6
16.b4 Bc8b7
17.Nf3e5 Nf6d7
18.Qd2e3 Nd7xe5
19.Bh2xe5 O-O
20.Bf1d3 Be7f6
21.Qe3e4 g6
22.Qe4f4 Bf6xe5
23.Qf4xe5 c5
24.O-O cxd4
25.Ra1d1 Qd8e7
26.Bd3e2 Ra8d8
27.Rd1d3 Qe7d6
28.Qe5f6 Bb7e4
29.Rd3d2 d3
30.Be2d1 Be4b7
31.Rf1e1 Qd6c6
32.Bd1f3 Qc6c7
33.Bf3xb7 Qc7xb7
34.Re1e3 Qb7c6
35.Qf6h4 Kg7
36.Re3xd3 Qc6c7
37.Rd3xd8 g5
38.Qh4d4 { resign }
1-0

[Event "Tourn. n9897"]
[Site "www.echecsemail.com"]
[Date "2018.08.02"]
[Round "1"]
[White "Bigrezi"]
[Black "Fantomas"]
[WhiteElo "2300"]
[BlackElo "2060"]
[Result "1/2-1/2"]
[Round "1"]
1.e4 e5
2.Ng1f3 d6
3.d4 exd4
4.Nf3xd4 Bf8e7
5.Bf1e2 Ng8f6
6.Nb1c3 a6
7.O-O Bc8d7
8.Bc1f4 O-O
9.Qd1d2 Rf8e8
10.Rf1e1 Qd8c8
11.Ra1d1 Nb8c6
12.Be2f3 Nc6xd4
13.Qd2xd4 Bd7g4
14.Qd4d3 Bg4xf3
15.Qd3xf3 Qc8g4
16.Qf3xg4 Nf6xg4
17.f3 Ng4e5
18.Nc3d5 Be7d8
19.Kh1 f6
20.Nd5e3 Re8e6
{ draw }
1/2-1/2

[Event "1/64 Finale"]
[Site "www.chess-mail.com"]
[Date "2018.08.02"]
[Round "1"]
[White "Reignblowcan"]
[Black "Gvladutz"]
[WhiteElo "2300"]
[BlackElo "2550"]
[Result "1-0"]
[Round "1"]
1.c4 e5
2.Ng1f3 Nb8c6
3.d4 e4
4.Nf3d2 Nc6xd4
5.Nd2xe4 Nd4e6
6.g3 f5
7.Ne4c3 g6
8.e4 Ng8e7
9.Bf1h3 fxe4
10.Bc1e3 Bf8g7
11.Bh3xe6 dxe6
12.Qd1xd8 Kxd8
13.Nb1d2 Bg7xc3
14.bxc3 e5
15.Nd2xe4 Bc8f5
16.Ne4g5 Ke8
17.O-O-O h6
18.Ng5f3 Bf5e4
19.Nf3xe5 Be4xh1
20.Rd1xh1 a5
21.Kc2 Rh8f8
22.Rh1e1 Ra8a6
23.Ne5d3 g5
24.Be3c5 Rf8f7
25.Bc5d4 Ra6d6
26.Bd4c5 Rd6c6
27.Bc5d4 Rf7h7
28.Re1b1 Ne7f5
29.Nd3e5 Rc6f6
30.Rb1xb7 Nf5xd4
31.cxd4 Rf6xf2
32.Kd3 Rf2xa2
33.d5 Ra2xh2
34.Ne5g4 Rh2g2
35.Ng4f6 Kd8
36.Rb7b8 Ke7
37.Nf6xh7 Rg2xg3
38.Kd4 Rg3f3
39.Kc5 Rf3f4
40.Rb8c8 Kd7
41.Rc8a8 Ke7
42.Ra8a6 g4
43.Ra6xh6 g3
44.Rh6g6 Rf4f7
45.Nh7g5 Rf7f4
46.Ng5e6 Rf4f3
47.Ne6xc7 Kf7
48.Rg6g4 a4
49.d6 a3
50.d7 Ke7
51.Rg4g7 Rf3f7
52.Rg7xf7 Kxf7
53.d8Q { resign }
1-0

[Event "1/16 Finale"]
[Site "www.chess-mail.com"]
[Date "2018.08.02"]
[Round "1"]
[White "Szustan"]
[Black "Danquigley"]
[WhiteElo "2580"]
[BlackElo "2610"]
[Result "1/2-1/2"]
[Round "1"]
1.e4 e6
2.d4 d5
3.Nb1c3 Ng8f6
4.e5 Nf6d7
5.f4 c5
6.Ng1f3 Nb8c6
7.Bc1e3 Bf8e7
8.Qd1d2 O-O
9.Bf1e2 b6
10.O-O Bc8b7
11.Qd2e1 Nc6xd4
12.Nf3xd4 cxd4
13.Be3xd4 g6
14.Ra1d1 Qd8c8
15.h4 Bb7a6
16.Be2xa6 Qc8xa6
17.h5 Nd7b8
18.Rf1f3 b5
19.a3 Nb8c6
20.Bd4f2 b4
21.axb4 Nc6xb4
22.Rd1a1 Qa6c6
23.Ra1c1 Ra8c8
{ draw }
1/2-1/2

[Event "1/64 Finale"]
[Site "www.chess-mail.com"]
[Date "2018.08.02"]
[Round "1"]
[White "Julian"]
[Black "Osopanda"]
[WhiteElo "1820"]
[BlackElo "1840"]
[Result "0-1"]
[Round "1"]
1.e4 c5
2.Ng1f3 d6
3.c3 Nb8c6
4.d4 cxd4
5.cxd4 Ng8f6
6.Nb1c3 e5
7.Bf1b5 Bc8d7
8.O-O exd4
9.Nf3xd4 Nc6xd4
10.Bb5xd7 Qd8xd7
11.Qd1xd4 Bf8e7
12.Bc1g5 O-O
13.Rf1d1 Qd7e6
14.Ra1c1 Ra8c8
15.f3 d5
 { time }
0-1

[Event "Fast Game"]
[Site "www.echecsemail.com"]
[Date "2018.08.02"]
[Round "1"]
[White "Coolant"]
[Black "Alekpax"]
[WhiteElo "2000"]
[BlackElo "2099"]
[Result "0-1"]
[Round "1"]
1.d4 Ng8f6
2.Ng1f3 e6
3.Nb1d2 d5
4.c4 c5
5.cxd5 exd5
6.Qd1c2 cxd4
7.Nf3xd4 Bc8d7
8.e3 Nb8c6
9.Nd4xc6 Bd7xc6
10.Bf1d3 d4
11.O-O dxe3
12.Rf1e1 Bf8e7
13.Re1xe3 g6
14.Nd2e4 O-O
15.Ne4xf6 Be7xf6
16.Bc1d2 Bf6d4
17.Re3e2 Qd8h4
18.Bd2c3 Bd4xc3
19.Qc2xc3 { time. }
0-1

[Event "Tourn. n9913"]
[Site "www.echecsemail.com"]
[Date "2018.08.03"]
[Round "1"]
[White "0m1d9421"]
[Black "Madz123456"]
[WhiteElo "1809"]
[BlackElo "1690"]
[Result "0-1"]
[Round "1"]
1.e4 c5
2.Bf1c4 e6
3.Ng1f3 d5
4.exd5 exd5
5.Bc4e2 Nb8c6
6.O-O Ng8f6
7.Rf1e1 Bf8e7
8.Be2b5 O-O
9.c3 Be7d6
10.d4 Qd8b6
11.a4 Bc8g4
12.Bc1e3 c4
13.Nb1d2 Nc6a5
14.b4 cxb3
{ resign }
0-1

[Event "Tourn. n9896"]
[Site "www.echecsemail.com"]
[Date "2018.08.03"]
[Round "1"]
[White "Gilliere"]
[Black "Osopanda"]
[WhiteElo "1960"]
[BlackElo "1840"]
[Result "1-0"]
[Round "1"]
1.e4 e5
2.Ng1f3 Nb8c6
3.Bf1b5 d6
4.h3 Bc8d7
5.d3 Ng8f6
6.Nb1c3 Bf8e7
7.O-O O-O
8.Bc1g5 h6
9.Bg5xf6 Be7xf6
{ time. }
1-0

[Event "Match"]
[Site "www.echecsemail.com"]
[Date "2018.08.03"]
[Round "1"]
[White "0m1d9421"]
[Black "Guidom"]
[WhiteElo "1809"]
[BlackElo "2130"]
[Result "0-1"]
[Round "1"]
1.e4 e5
2.Bf1c4 Nb8c6
3.Nb1c3 d6
4.d3 Ng8f6
5.Ng1f3 Bc8g4
6.h3 Bg4h5
7.g4 Bh5g6
8.Nf3h4 Nf6xe4
9.dxe4 Qd8xh4
10.Qd1f3 Nc6d4
11.Qf3d3 Qh4d8
12.Bc1e3 Nd4c6
13.Bc4d5 Qd8d7
14.f3 h5
{ resign }
0-1

[Event "Match"]
[Site "www.echecsemail.com"]
[Date "2018.08.03"]
[Round "1"]
[White "Chapi"]
[Black "0m1d9421"]
[WhiteElo "2070"]
[BlackElo "1809"]
[Result "1-0"]
[Round "1"]
1.d4 Ng8f6
2.c4 g6
3.Nb1c3 Bf8g7
4.Ng1f3 e6
5.Bc1g5 h6
6.Bg5h4 d6
7.e4 Nb8c6
8.Bf1e2 b6
9.d5 Nc6e5
10.Nf3xe5 dxe5
11.O-O Bc8b7
12.Ra1c1 g5
13.Bh4g3 Nf6d7
14.Be2h5 Qd8e7
15.Nc3b5 Nd7c5
16.Qd1e2 a6
17.Nb5c3 Bg7f6
18.Rf1d1 O-O-O
19.f3 c6
20.b4 Nc5d7
21.d6 Qe7f8
22.Bg3f2 { resign }
1-0

[Event "Match"]
[Site "www.echecsemail.com"]
[Date "2018.08.03"]
[Round "1"]
[White "0m1d9421"]
[Black "Calponas"]
[WhiteElo "1809"]
[BlackElo "2090"]
[Result "0-1"]
[Round "1"]
1.e4 c5
2.Ng1f3 d6
3.Nb1c3 Nb8c6
4.Bf1b5 Bc8d7
5.O-O Ng8f6
6.d3 Ra8c8
7.Bc1e3 g6
8.Qd1d2 Bf8g7
9.g3 O-O
10.Be3h6 Bd7g4
11.Bh6xg7 Kxg7
12.Nf3g5 Nc6d4
{ resign }
0-1

[Event "Match"]
[Site "www.echecsemail.com"]
[Date "2018.08.03"]
[Round "1"]
[White "0m1d9421"]
[Black "Cal"]
[WhiteElo "1809"]
[BlackElo "1730"]
[Result "0-1"]
[Round "1"]
1.e4 e5
2.Ng1f3 d6
3.Nb1c3 a6
4.Bf1c4 h6
5.d3 Ng8f6
6.Qd1e2 Bc8g4
7.h3 Bg4xf3
8.Qe2xf3 Bf8e7
9.Bc1e3 b5
10.Bc4d5 c6
11.Bd5b3 O-O
12.Qf3g3 Ra8a7
13.Be3xh6 Nf6h5
14.Qg3g4 g6
15.Bh6xf8 Qd8xf8
{ resign }
0-1

[Event "Match"]
[Site "www.echecsemail.com"]
[Date "2018.08.03"]
[Round "1"]
[White "Guidom"]
[Black "J1j6"]
[WhiteElo "2130"]
[BlackElo "1940"]
[Result "1-0"]
[Round "1"]
1.e4 e5
2.Ng1f3 Nb8c6
3.Bf1b5 d6
4.O-O Bc8d7
5.d3 a6
6.Bb5xc6 Bd7xc6
7.c3 Bf8e7
8.Bc1e3 Ng8f6
9.Nb1d2 O-O
10.h3 b6
11.b4 Bc6b5
12.c4 Bb5d7
13.Qd1e2 Qd8c8
14.Kh2 c5
15.a3 cxb4
16.axb4 Nf6h5
17.Nf3xe5 dxe5
18.Qe2xh5 Be7xb4
19.Qh5xe5 Qc8c6
20.Qe5d5 Qc6c7
21.f4 Bb4c3
22.Ra1a2 Bd7c6
23.Qd5h5 g6
24.Qh5h4 a5
25.Kh1 Bc3g7
26.f5 Qc7e5
27.Nd2f3 Qe5d6
28.Rf1d1 Bg7f6
29.Nf3g5 Bf6xg5
30.Be3xg5 Ra8a7
31.Bg5f6 h5
32.Qh4g5 Kh7
33.Bf6e7 Qd6xe7
34.f6 Qe7d7
35.Rd1d2 Qd7d4
36.g4 Bc6xe4
37.dxe4 Qd4xe4
38.Rd2g2 Rf8c8
39.gxh5 Rc8xc4
40.hxg6 fxg6
41.Ra2e2 Qe4a8
42.Qg5xg6 { resign }
1-0

[Event "Match"]
[Site "www.echecsemail.com"]
[Date "2018.08.03"]
[Round "1"]
[White "Micheles"]
[Black "0m1d9421"]
[WhiteElo "2550"]
[BlackElo "1809"]
[Result "1-0"]
[Round "1"]
1.d4 e6
2.Ng1f3 Ng8f6
3.Bc1g5 h6
4.Bg5xf6 Qd8xf6
5.e4 Nb8c6
6.c3 Nc6e7
7.Bf1d3 Ne7g6
8.e5 Qf6f4
9.g3 { resign }
1-0

[Event "Tourn. n9869"]
[Site "www.echecsemail.com"]
[Date "2018.08.03"]
[Round "1"]
[White "Falcoale"]
[Black "Julian"]
[WhiteElo "1870"]
[BlackElo "1790"]
[Result "1-0"]
[Round "1"]
1.e4 e5
2.Ng1f3 Nb8c6
3.b3 Ng8f6
4.d3 d5
5.exd5 Nf6xd5
6.Bc1b2 Bf8d6
7.Nb1d2 O-O
8.Bf1e2 Nd5f4
9.O-O Nf4xe2
10.Qd1xe2 Bc8g4
11.h3 Bg4h5
12.Qe2e1 Rf8e8
13.Qe1c1 Qd8d7
14.Nf3h2 Ra8d8
15.Nd2e4 Bd6f8
16.Qc1g5 Bh5e2
17.Ne4f6 { resign }
1-0

[Event "Match"]
[Site "www.echecsemail.com"]
[Date "2018.08.03"]
[Round "1"]
[White "Mitja"]
[Black "Bojan"]
[WhiteElo "2040"]
[BlackElo "2010"]
[Result "0-1"]
[Round "1"]
1.d4 d5
2.e3 a6
3.c3 Qd8d6
4.h3 Bc8f5
5.Ng1e2 Nb8d7
6.Ne2g3 Bf5g6
7.b3 e5
8.dxe5 Nd7xe5
9.Bf1e2 Ng8f6
10.Bc1b2 Bf8e7
11.Nb1d2 Ra8d8
12.Nd2f3 Nf6h5
13.Ng3xh5 Bg6xh5
14.Nf3xe5 Bh5xe2
15.Qd1xe2 Qd6xe5
16.Ra1d1 c6
17.c4 Be7b4
18.Kf1 Qe5g5
19.cxd5 cxd5
20.Rd1d4 Bb4e7
21.Rd4g4 Qg5f5
22.g3 Qf5b1
23.Kg2 Qb1xa2
24.Rg4xg7 Be7f6
25.Rg7g4 Qa2xb2
26.Qe2f3 Qb2e5
27.Kh2 Ke7
28.Rh1d1 Rd8d6
29.Rg4f4 Rh8d8
30.Rf4f5 Qe5e6
31.Rd1c1 Rd8d7
32.Rc1c8 Rd6b6
33.Qf3g4 Rb6xb3
34.Rc8c2 b5
35.e4 d4
36.e5 Bf6xe5
37.Rf5xe5 Qe6xe5
38.Rc2e2 Rb3e3
39.fxe3 d3
40.Re2d2 Qe5xe3
41.Qg4h4 Ke8
{ resign }
0-1